书目信息 |
| 题名: |
学习指导概论
|
|
| 作者: | 钟祖荣 | |
| 分册: | ||
| 出版信息: | 北京 教育科学 2001 |
|
| 页数: | 225页 | |
| 开本: | 19cm | |
| 丛书名: | ||
| 单 册: | ||
| 中图分类: | G426 | |
| 科图分类: | ||
| 主题词: | 教学理论 | |
| 电子资源: | ||
| ISBN: | 7-5075-1174-X | |
| 000 | 00491nam0 2200181 450 | |
| 001 | 0753865015 | |
| 005 | 20070818145745.01 | |
| 010 | @a7-5075-1174-X@d¥14.00 | |
| 100 | @a20070818d km y0chiy0120 ea | |
| 101 | 0 | @achi |
| 200 | 1 | @a学习指导概论@Axue xi zhi dao gai lun@f钟祖荣@Fzhong zu rong |
| 210 | @a北京@c教育科学@d2001 | |
| 215 | @a225页@d19cm | |
| 606 | 0 | @a教学理论 |
| 690 | @aG426@v3 | |
| 701 | 0 | @a钟祖荣@Azhong zu rong |
| 801 | 0 | @aCN@bPFT@c20070818 |
| 905 | @a213230@dG426@ee441@f1 | |
| 学习指导概论/钟祖荣.-北京:教育科学,2001 |
| 225页;19cm |
| ISBN 7-5075-1174-X:¥14.00 |
| ● |
| 相关链接 |
|
|
|
|
正题名:学习指导概论
索取号:G426/e441
 
预约/预借
| 序号 | 登录号 | 条形码 | 馆藏地/架位号 | 状态 | 备注 |
| 1 | 6302203 | 263022035 | 教育系资料室/ [索取号:G426/e441] | 在馆 |